Cliquez pour traduire - Italien - Statistiques

Statistiques générales
  • Ce quiz a été pris 94 fois
  • Le résultat moyen est 16 sur 20
Statistiques - réponses
Hint Réponse % Correct
Lundi Lunedì
99%
Eau Acqua
96%
Lait Latte
96%
Vert Verde
96%
Pêche Pesca
95%
Sept Sette
95%
Tempête Tempesta
95%
Fantôme Fantasma
93%
Nuit Notte
93%
Train Treno
93%
Bras Braccio
90%
Étoile Stella
87%
Femme Donna
85%
Plage Spiaggia
77%
Chaussure Scarpa
65%
Tapis Tappeto
64%
Église Chiesa
57%
Chambre Stanza
54%
Armée Esercito
51%
Souris Topo
31%
Aucun quiz correspondant
Distribution des résultats
% des personnes avec chaque résultat
Percentile par nombre de réponses
Votre historique - résultats
Vous n’avez pas pris ce quiz